| 000 | 00735nam a2200217 a 4500 | ||
|---|---|---|---|
| 005 | 20200104041534.0 | ||
| 008 | 140121b2001 ck ||||| |||| 00| 0 spa d | ||
| 041 | _aspa | ||
| 044 | _ack | ||
| 090 |
_aIAvH _b00188 |
||
| 100 |
_aWyse Jackson, Peter _94557 |
||
| 245 | _aAgenda internacional para la conservación en jardines botánicos | ||
| 260 |
_aBogotá _bOrganización Internacional para la Conservación en Jardines Botánicos _bInstituto Alexander von Humboldt _c2001 |
||
| 300 | _a92 p. | ||
| 650 |
_aConservación de biodiversidad _9345 |
||
| 650 |
_aConservación ex situ _94301 |
||
| 650 |
_aJardínes botánicos _93608 |
||
| 650 |
_aRedes de información _94558 |
||
| 700 |
_aSutherland, L. A. _94559 |
||
| 942 |
_cCD-ROM _2z |
||
| 999 |
_c2622 _d2622 |
||